03679nam a2200589Ia 45000010005000000080041000050100009000460410014000550820023000692450209000922600022003013000007003235200007003306300014003376300023003516300028003746300027004026300033004296500022004626900014004847000036004987000046005347000059005807000041006397000029006809010155007099020006008649030072008709040018009429050042009609060006010029070014010089080014010229090051010369100015010879110010011029120014011129130009011269140029011359150019011649160009011839170009011929180014012019190031012155201784012469210007030309220007030379230006030449240014030509420010030649990015030747166241029s9999 xx 000 0 und d a6787 aEspañol aUCSD-MGP-0243-2018 0aInfluencia de los padres en el aprendizaje de los estudiantes del Nivel Primario de los dos ciclos en el centro educativo San Antonio, Distrito Educativo 17-01 de Yamasá, en el periodo escolar 2016-2017 aDistrito Nacional a67 a64 aActitudes aActores Educativos aEnseñanza-Aprendizaje aIntegración Familiar aMejoramiento del Aprendizaje aCalidad Educativa aElaborado easesoraCruz Pascual, Francisco eautoraFajardo Del Rosario, Olga María  eautoraDe León De Los Ángeles, Juana Cristina  eautoraDe La Cruz González, Ubalda easesoraCordero, Tulio  a{"1":"Fajardo Del Rosario","2":"De León De Los Ángeles","3":"De La Cruz González"}b{"1":"Olga María ","2":" Juana Cristina ","3":"Ubalda"} a2 a{"1":"Cordero","2":"Cruz Pascual"}b{"1":"Tulio ","2":"Francisco"} aMaestría en aPlanificación y Gestión Educativa a2 aNO APLICA aNO APLICA aUniversidad Católica de Santo Domingo (UCSD) aNULLbNULL a["1"] aNO APLICA aNULL a01 de Septiembre de 2018 a24/11/19 11:11 aNULL aNULL aNO APLICA a["6","7","89","123","138"] aEl estudio se planteó como objetivo principal, analizar la influencia de los padres en el aprendizaje de los estudiantes del Nivel Primario de los dos ciclos en el Centro Educativo San Antonio, Distrito Educativo 17-01 de Yamasá, en el periodo escolar 2016-2017. La investigación fue no experimental, de carácter descriptivo, de tipo cuantitativo-cualitativo y de corte transversal.  Las técnicas empleadas fueron: revisión documental, encuestas y entrevistas.  Se trabajó con una muestra de 20 familias, 7 docentes y 2 miembros del equipo de gestión.Al finalizar la investigación los resultados indicaron que los hijos/hijas de aquellos padres, madres o tutores que se integran a las actividades que realiza el centro educativo, muestran un mayor rendimiento académico y además, exhiben un mejor comportamiento, mientras que los hijos/hijas de padres, madres o tutores que no se interesan por asistir a las actividades del centro educativo, tienen un menor rendimiento asociado con la exhibición de conductas inapropiadas en muchos de los casos registrados.Se recomendó al personal docentes y al equipo de gestión, mejorar y hacer fluir más los medios de comunicación para invitar a los padres, madres o tutores, a fin de que puedan materializarse una mayor asistencia a las actividades extracurriculares que el plantel escolar realiza.  También se les sugirió a los padres, madres o tutores, acercarse más a la escuela de padres, madres o tutores en el centro educativo, ya que esta constituye una herramienta de carácter formativo que les brinda asesoría para colaborar con la formación de sus hijos e hijas, por lo tanto, deben participar activamente para que sus hijos alcancen mejores resultados en su formación académica. a63 a63 a1 aNO APLICA cTesis c6787d6787